000 00816nam a22002297a 4500
005 20101214145132.0
008 101214t xxu||||| |||| 00| 0 eng d
010 _aENG-101808
020 _a9788120340695
_c295.00
035 _aEN-85341
037 _bDBAD / PUB
040 _adpl
_bEnglish
082 _a530.12
100 _aAruldhas, G.
_924777
245 _aQuantum mechanics :
_cby G. Aruldhas
_b500 problems with solutions /
260 _aNew Dehli
_bPHI Learning
_c2011
270 _aM-97, Connaught Circus,
_bNew Delhi
_e110 001
300 _axi, 363 p.
_c24cm (pbk)
500 _aIncludes index
942 _adpl
_cEN
_2ddc
_h530.12
_mARU
999 _c49168
_d49168